Welcome to CU Library Online Public Access Catalogue (OPAC)

Private Sector-Led Urban Development Projects (Record no. 8567)

MARC details
000 -LEADER
fixed length control field 00503nam a22001457a 4500
005 - DATE AND TIME OF LATEST TRANSACTION
control field 20251215201523.0
008 - FIXED-LENGTH DATA ELEMENTS--GENERAL INFORMATION
fixed length control field 251215b |||||||| |||| 00| 0 eng d
020 ## - INTERNATIONAL STANDARD BOOK NUMBER
International Standard Book Number 9781479198993
050 ## - LIBRARY OF CONGRESS CALL NUMBER
Classification number HT167.2 HEU
100 ## - MAIN ENTRY--PERSONAL NAME
Personal name Heurkens, E. W. T. M.
245 ## - TITLE STATEMENT
Title Private Sector-Led Urban Development Projects
Remainder of title management, partnerships & effects in the Netherlands and the UK
Statement of responsibility, etc. E.W.T.M. Heurkens
260 ## - PUBLICATION, DISTRIBUTION, ETC.
Place of publication, distribution, etc. Rotterdam
Name of publisher, distributor, etc. Sirene Ontwerpers
Date of publication, distribution, etc. 2012
300 ## - PHYSICAL DESCRIPTION
Extent 480p.
Other physical details ill. some color
Dimensions 24.5cm
942 ## - ADDED ENTRY ELEMENTS (KOHA)
Source of classification or shelving scheme Library of Congress Classification
Koha item type Books
Suppress in OPAC No
999 ## -
-- 8567
-- 8567
Holdings
Withdrawn status Lost status Source of classification or shelving scheme Damaged status Not for loan Collection Home library Current library Shelving location Date acquired Total checkouts Full call number Barcode Date last seen Copy number Price effective from Koha item type
    Library of Congress Classification     Non-fiction Science Library (Miotso) Science Library (Miotso) Reference 12/15/2025   HT167.2 HEU SLM00006637 12/15/2025 1 12/15/2025 Books
© 2023-2024 Copyright: Central University Libraries. All Rights Reserved | Created by: Mahone Tech Office